Hipermarketek Magyarországon -múlt, jelen, jövő

Bibliográfiai részletek
Szerző: Vida Gergely
További közreműködők: Lipák Mária
Dokumentumtípus: Diplomadolgozat
Kulcsszavak:hipermarket
Fejlődés
Központosítás
Online Access:http://dolgozattar.uni-bge.hu/15021

MARC

LEADER 00000nta a2200000 i 4500
001 dolg15021
005 20180830120525.0
008 180426suuuu hu om 000 hun d
040 |a BGE Dolgozattár Repozitórium  |b hun 
041 |a hu 
100 1 |a Vida Gergely 
245 1 0 |a Hipermarketek Magyarországon -múlt, jelen, jövő  |c Vida Gergely  |h [elektronikus dokumentum] 
246 1 1 |a Hipermarketek Magyarországon -múlt, jelen, jövő 
695 |a hipermarket 
695 |a Fejlődés 
695 |a Központosítás 
700 1 |a Lipák Mária  |e ths 
856 4 0 |u http://dolgozattar.uni-bge.hu/15021/1/Vida%20Gergely%20szakdolgozat.pdf  |z Dokumentum-elérés